Revegetation strategies for Kahoòlawe Island, Hawaii /

Bibliographic Details
Main Authors: Warren, Steven D. (Author), Aschmann, Stefanie G. (Author)
Format: Government Document eBook
Language:English
Published: Champaign, Ill. : US Army Corps of Engineers, Construction Engineering Research Laboratories, 1994.
Series:USA-CERL technical manuscript ; EN-94/02.
Subjects:
Online Access:https://purl.fdlp.gov/GPO/gpo105969

MARC

Tag First Indicator Second Indicator Subfields
LEADER 00000cam a2200000 i 4500
001 in00004006921
005 20190307110607.0
006 m o d f
007 cr |||||||||||
008 180717e199403 ilua obt f000 0 eng c
035 |a (OCoLC)on1044746921 
042 |a pcc 
043 |a n-us-hi 
040 |a GPO  |b eng  |e rda  |e pn  |c GPO  |d MvI 
049 |a WWW 
074 |a 0335-A (online) 
086 0 |a D 103.53/2:EN-94-02 
100 1 |a Warren, Steven D.,  |e author. 
245 1 0 |a Revegetation strategies for Kahoòlawe Island, Hawaii /  |c by Steven D. Warren, Stefanie G. Aschmann. 
264 1 |a Champaign, Ill. :  |b US Army Corps of Engineers, Construction Engineering Research Laboratories,  |c 1994. 
300 |a 1 online resource ([10 pages]) :  |b illustrations. 
336 |a text  |b txt  |2 rdacontent 
337 |a computer  |b c  |2 rdamedia 
338 |a online resource  |b cr  |2 rdacarrier 
490 1 |a USACERL technical manuscript ;  |v EN-94/02 
500 |a "March 1994." 
500 |a "This article was published in the "Journal of Range Management" 46 (5) 1993, pp. 462-466, published by the Society for Range Management, 1839 York St., Denver, CO, and is reprinted with permission"--Foreword, page [4]. 
504 |a Includes bibliographical references (page [9]). 
588 |a Description based on online resource; title from PDF cover page (DTIC website, viewed July 12, 2018). 
650 0 |a Revegetation  |z Hawaii  |z Kahoolawe. 
651 0 |a Kahoolawe (Hawaii) 
650 7 |a Revegetation.  |2 fast  |0 (OCoLC)fst01096454 
700 1 |a Aschmann, Stefanie G.,  |e author. 
710 2 |a Construction Engineering Research Laboratories (U.S.),  |e issuing body. 
776 0 8 |i Print version:  |a Warren, Steven D.  |t Revegetation strategies for Kahoòlawe Island, Hawaii  |w (OCoLC)30614492 
776 0 8 |i Microfiche version:  |a Warren, Steven D.  |t Revegetation strategies for Kahoòlawe Island, Hawaii  |w (OCoLC)35004107 
830 0 |a USA-CERL technical manuscript ;  |v EN-94/02. 
856 4 0 |u https://purl.fdlp.gov/GPO/gpo105969  |t 0 
999 f f |s ce4b75e9-0fa2-3312-8f94-d10a2e343f2f  |i 03c590ff-11d2-3874-b05c-a4963b44b61e  |t 0 
952 f f |a Texas A&M University  |b College Station  |c Electronic Resources  |d Available Online  |t 0  |e D 103.53/2:EN-94-02  |h Superintendent of Documents classification 
998 f f |a D 103.53/2:EN-94-02  |t 0  |l Available Online